| 000 -LEADER |
| fixed length control field |
01058nam a22002297a 4500 |
| 003 - CONTROL NUMBER IDENTIFIER |
| control field |
OSt |
| 005 - DATE AND TIME OF LATEST TRANSACTION |
| control field |
20260122195909.0 |
| 008 - FIXED-LENGTH DATA ELEMENTS--GENERAL INFORMATION |
| fixed length control field |
230414b ||||| |||| 00| 0 eng d |
| 040 ## - CATALOGING SOURCE |
| Transcribing agency |
Ost |
| 041 ## - LANGUAGE CODE |
| Language code of text/sound track or separate title |
Shan |
| 082 ## - DEWEY DECIMAL CLASSIFICATION NUMBER |
| Classification number |
615.8 |
| 245 ## - TITLE STATEMENT |
| Title |
လၢႆးယူတ်းယႃထုင်းၵဝ်ႇၶူးသြႃႇၸီႇဝၵ။ |
| Statement of responsibility, etc. |
လုင်းၸၢမ်ႇမျ ႁွင်ႉ လုင်းငိုၼ်းၾႃႉ (သႅၼ်ဝီ) ၶပ်းၶိုင်၊ သြႃႇၶမ်းၶွင်ႇ (လၢင်းၶိူဝ်း) မေးတႅမ်ႈ- |
| 260 ## - PUBLICATION, DISTRIBUTION, ETC. |
| Place of publication, distribution, etc. |
သႅၼ်ဝီ |
| Date of publication, distribution, etc. |
2005 |
| 300 ## - PHYSICAL DESCRIPTION |
| Extent |
176 ၼႃႈ |
| Dimensions |
21 ၸိၼ်ႇထီႇ |
| 500 ## - GENERAL NOTE |
| General note |
S-SAT: Dr. Prof Sai Aung Tun |
|
| General note |
ပပ်ႉၸဝ်ႈတႃႇၼႁင်းၶေႃ တွၵ်ႉတိူဝ်ႇၸၢႆးဢွင်ႇထုၼ်း |
| 504 ## - BIBLIOGRAPHY, ETC. NOTE |
| Bibliography, etc. note |
ပႃးၽိုၼ်ဢိင် |
| 650 ## - SUBJECT ADDED ENTRY--TOPICAL TERM |
| Topical term or geographic name entry element |
ယႃႈယႃပိၼ်းတေႃး |
| 942 ## - ADDED ENTRY ELEMENTS (KOHA) |
| Koha item type |
Book (Short term) |
| 650 ## - SUBJECT ADDED ENTRY--TOPICAL TERM |
| 9 (RLIN) |
21937 |
|
| Source of classification or shelving scheme |
|
|
| Source of classification or shelving scheme |
|